vegetable collection #1 - Statistics

General Stats
  • This quiz has been taken 24 times
  • The average score is 8 of 16
Answer Stats
Picture Answer % Correct
carrot
95%
broccoli
90%
lettuce
86%
potato
86%
tomato
86%
pumpkin
81%
cabbage
48%
sweet potato
38%
parsley
33%
spinach
33%
pickle
29%
radish
29%
yucca
14%
prickly pear
5%
romanesco broccoli
5%
watercress
5%
No matching quizzes found
Score Distribution
Percent of People with Each Score
Percentile by Number Answered
Your Score History
You have not taken this quiz